Year book of rubbers statistics

Đã lưu trong:
Bibliografiske detaljer
Format: Bog
Sprog:Undetermined
Udgivet: Japan Ministry of International Trade and industry 1977
Fag:
Tags: Tilføj Tag
Ingen Tags, Vær først til at tagge denne postø!
Thư viện lưu trữ: Trung tâm Học liệu Trường Đại học Cần Thơ
LEADER 00463nam a2200157Ia 4500
001 CTU_96369
008 210402s9999 xx 000 0 und d
082 |a 678 
082 |b Y33 
245 0 |a Year book of rubbers statistics 
260 |a Japan 
260 |b Ministry of International Trade and industry 
260 |c 1977 
650 |a Rubber industry and trade,Rubbers statistics 
904 |i Tuyến 
980 |a Trung tâm Học liệu Trường Đại học Cần Thơ